000 00880nam a2200325 a 4500
003 AR-BaBNM
005 20251128205644.0
008 082120s2002 ||||||||||||||000 | spa||
020 _a84-7100-668-5
040 _cAR-BaBNM
100 1 _aCouto, Jorge
245 0 0 _aPortugal y la construcción de Brasil
260 _aMadrid
_bMapfre
_c1996
300 _a415 p.
_btablas, gráfs.
490 0 _aPortugal y el mundo
_vv. 6
504 _aBibliografía p. 399-401
650 4 _aHISTORIA POLITICA
650 4 _aANTROPOLOGIA CULTURAL Y SOCIAL
650 4 _aCULTURA
650 4 _aACULTURACION
650 4 _aINTERACCION CULTURAL
650 4 _aHISTORIA ECONOMICA
650 4 _aHISTORIA SOCIAL
651 4 _aPortugal
651 4 _aBrasil
700 1 _aMarbán, Maísa
_etraductor
800 1 _aGallego, José Andrés
_ecoordinador
942 _cBK
998 _cMariana
999 _c12263
_d12263